[Event "Team men PL"]
[Site "Sochi"]
[Date "2020.11.26"]
[Round "7.5"]
[White "Askerov, Marat"]
[Black "Goganov, Aleksey"]
[Result "1/2-1/2"]
[BlackElo "2602"]
[WhiteElo "2338"]
[LiveChessVersion "1.4.8"]

1.d4 {[%clk 1:30:57]} Nf6 {[%clk 1:30:55]} 2.c4 {[%clk 1:31:23]}
e6 {[%clk 1:31:21]} 3.Nf3 {[%clk 1:31:48]} d5 {[%clk 1:31:41]}
4.Nc3 {[%clk 1:32:12]} c6 {[%clk 1:30:41]} 5.cxd5 {[%clk 1:32:29]}
exd5 {[%clk 1:31:06]} 6.Bg5 {[%clk 1:32:25]} Be7 {[%clk 1:30:01]}
7.Qc2 {[%clk 1:32:20]} Nbd7 {[%clk 1:29:32]} 8.e3 {[%clk 1:32:07]}
Nh5 {[%clk 1:28:32]} 9.Bxe7 {[%clk 1:31:27]} Qxe7 {[%clk 1:28:57]}
10.Be2 {[%clk 1:30:26]} g6 {[%clk 1:25:15]} 11.O-O {[%clk 1:25:20]}
O-O {[%clk 1:25:41]} 12.Rab1 {[%clk 1:23:37]} Ndf6 {[%clk 1:25:34]}
13.b4 {[%clk 1:14:10]} Bf5 {[%clk 1:22:17]} 14.Bd3 {[%clk 1:14:35]}
Ng7 {[%clk 1:21:05]} 15.b5 {[%clk 1:03:51]} c5 {[%clk 1:20:52]}
16.dxc5 {[%clk 1:03:33]} Qxc5 {[%clk 1:21:17]} 17.Rbc1 {[%clk 0:37:59]}
Qa3 {[%clk 1:15:09]} 18.Bxf5 {[%clk 0:31:12]} Nxf5 {[%clk 1:15:33]}
19.e4 {[%clk 0:31:21]} dxe4 {[%clk 1:15:21]} 20.Nxe4 {[%clk 0:31:46]}
Nxe4 {[%clk 1:15:44]} 21.Qxe4 {[%clk 0:32:13]} b6 {[%clk 1:12:16]}
22.Qb1 {[%clk 0:29:19]} Rad8 {[%clk 1:04:40]} 23.h3 {[%clk 0:27:30]}
Nd4 {[%clk 1:03:51]} 24.Nxd4 {[%clk 0:27:26]} Rxd4 {[%clk 1:04:17]}
25.Rc7 {[%clk 0:22:01]} Rd2 {[%clk 0:52:11]} 26.Rc2 {[%clk 0:20:08]}
Rfd8 {[%clk 0:50:30]} 27.Rfc1 {[%clk 0:15:57]} h5 {[%clk 0:46:17]}
28.Qa1 {[%clk 0:13:40]} Rxc2 {[%clk 0:44:59]} 29.Rxc2 {[%clk 0:14:08]}
Qa4 {[%clk 0:43:58]} 30.Qb2 {[%clk 0:07:43]} h4 {[%clk 0:40:20]}
31.Kh2 {[%clk 0:03:23]} Qf4+ {[%clk 0:39:00]} 32.g3 {[%clk 0:03:52]}
Qf3 {[%clk 0:37:19]} 33.Rc4 {[%clk 0:02:41]} hxg3+ {[%clk 0:34:19]}
34.fxg3 {[%clk 0:03:09]} Qd5 {[%clk 0:31:37]} 35.Rc2 {[%clk 0:03:16]}
Qd4 {[%clk 0:27:37]} 36.Qxd4 {[%clk 0:01:40]} Rxd4 {[%clk 0:28:01]}
37.Rb2 {[%clk 0:01:00]} Kg7 {[%clk 0:27:28]} 38.Kg2 {[%clk 0:01:02]}
Rd3 {[%clk 0:23:59]} 39.a4 {[%clk 0:01:06]} Rd4 {[%clk 0:24:25]}
40.Ra2 {[%clk 0:31:31]} Rb4 {[%clk 0:54:52]} 41.g4 {[%clk 0:20:51]}
Kh6 {[%clk 0:54:39]} 42.Rf2 {[%clk 0:20:45]} Kg7 {[%clk 0:55:06]}
43.Ra2 {[%clk 0:21:08]} f6 {[%clk 0:55:16]} 44.Ra3 {[%clk 0:20:06]}
Kh6 {[%clk 0:53:42]} 45.Kg3 {[%clk 0:18:40]} f5 {[%clk 0:52:57]}
46.gxf5 {[%clk 0:15:25]} gxf5 {[%clk 0:53:17]} 47.a5 {[%clk 0:11:29]}
Kg5 {[%clk 0:53:05]} 48.axb6 {[%clk 0:11:30]} axb6 {[%clk 0:53:30]}
49.Rc3 {[%clk 0:08:15]} Rxb5 {[%clk 0:53:33]} 50.h4+ {[%clk 0:08:13]}
Kf6 {[%clk 0:53:46]} 51.Rc6+ {[%clk 0:08:31]} Kg7 1/2-1/2

[Event "Team men PL"]
[Site "Sochi"]
[Date "2020.11.26"]
[Round "7.6"]
[White "Shimanov, Aleksandr"]
[Black "Golikov, Daniil"]
[Result "1-0"]
[BlackElo "2230"]
[WhiteElo "2593"]
[LiveChessVersion "1.4.8"]

1.Nf3 {[%clk 1:30:31]} Nf6 {[%clk 1:30:07]} 2.c4 {[%clk 1:29:51]}
c6 {[%clk 1:29:49]} 3.g3 {[%clk 1:29:19]} d5 {[%clk 1:27:47]}
4.Bg2 {[%clk 1:29:20]} g6 {[%clk 1:16:27]} 5.b3 {[%clk 1:28:21]}
Bg7 {[%clk 1:16:44]} 6.Bb2 {[%clk 1:28:44]} O-O {[%clk 1:16:55]}
7.O-O {[%clk 1:29:07]} Nbd7 {[%clk 1:16:35]} 8.Nc3 {[%clk 1:23:46]}
b6 {[%clk 1:08:59]} 9.d4 {[%clk 1:20:14]} Bb7 {[%clk 1:06:56]}
10.Qc2 {[%clk 1:18:31]} Qc7 {[%clk 0:54:45]} 11.Rfe1 {[%clk 1:07:38]}
Rfe8 {[%clk 0:50:43]} 12.Rad1 {[%clk 1:04:54]} e6 {[%clk 0:46:34]}
13.Bc1 {[%clk 0:46:46]} Rad8 {[%clk 0:34:08]} 14.Bf4 {[%clk 0:33:39]}
Qc8 {[%clk 0:34:32]} 15.Qc1 {[%clk 0:34:02]} a6 {[%clk 0:33:12]}
16.Ne5 {[%clk 0:30:46]} c5 {[%clk 0:19:21]} 17.dxc5 {[%clk 0:24:20]}
Nxc5 {[%clk 0:13:42]} 18.Bg5 {[%clk 0:13:43]} dxc4 {[%clk 0:07:37]}
19.Qf4 {[%clk 0:09:45]} Rxd1 {[%clk 0:05:56]} 20.Rxd1 {[%clk 0:10:11]}
Nh5 {[%clk 0:02:51]} 21.Qxf7+ {[%clk 0:10:19]} Kh8 {[%clk 0:03:21]}
22.Bxb7 {[%clk 0:09:44]} Nxb7 {[%clk 0:03:46]} 23.Nxg6+ {[%clk 0:07:56]}
hxg6 {[%clk 0:04:11]} 24.Qxg6 {[%clk 0:08:21]} cxb3 {[%clk 0:01:47]}
25.Qxh5+ {[%clk 0:08:12]} Kg8 {[%clk 0:02:17]} 26.axb3 {[%clk 0:07:06]}
Rf8 {[%clk 0:01:09]} 27.Rc1 {[%clk 0:06:14]} Qc5 {[%clk 0:01:19]}
28.Ne4 {[%clk 0:05:54]} Qf5 {[%clk 0:00:41]} 29.f3 {[%clk 0:05:00]}
Nc5 {[%clk 0:00:33]} 30.Nxc5 {[%clk 0:05:16]} bxc5 {[%clk 0:00:57]}
31.Kg2 {[%clk 0:04:50]} Qe5 {[%clk 0:00:44]} 32.Rc2 {[%clk 0:04:27]}
Qd5 {[%clk 0:00:31]} 33.Qg6 {[%clk 0:04:30]} Qxb3 {[%clk 0:00:36]}
34.Bh6 {[%clk 0:04:42]} 1-0

[Event "Team men PL"]
[Site "Sochi"]
[Date "2020.11.26"]
[Round "7.7"]
[White "Andreikin, Dmitry"]
[Black "Goryachkina, Aleksandra"]
[Result "1/2-1/2"]
[BlackElo "2592"]
[WhiteElo "2726"]
[LiveChessVersion "1.4.8"]

1.e4 {[%clk 1:30:52]} e5 {[%clk 1:30:37]} 2.Nf3 {[%clk 1:31:10]}
Nc6 {[%clk 1:30:55]} 3.Bb5 {[%clk 1:31:23]} Nf6 {[%clk 1:30:53]}
4.O-O {[%clk 1:31:18]} Nxe4 {[%clk 1:30:21]} 5.Re1 {[%clk 1:31:28]}
Nd6 {[%clk 1:30:25]} 6.Nxe5 {[%clk 1:31:50]} Be7 {[%clk 1:30:11]}
7.Bf1 {[%clk 1:32:07]} Nxe5 {[%clk 1:30:16]} 8.Rxe5 {[%clk 1:32:26]}
O-O {[%clk 1:30:38]} 9.d4 {[%clk 1:32:50]} Bf6 {[%clk 1:29:16]}
10.Re1 {[%clk 1:32:17]} Re8 {[%clk 1:28:31]} 11.Nc3 {[%clk 1:31:44]}
Rxe1 {[%clk 1:26:03]} 12.Qxe1 {[%clk 1:31:35]} Bxd4 {[%clk 1:25:33]}
13.Bf4 {[%clk 1:31:48]} Ne8 {[%clk 1:24:13]} 14.Nd5 {[%clk 1:31:35]}
d6 {[%clk 1:23:34]} 15.Bg5 {[%clk 1:31:18]} f6 {[%clk 1:22:40]}
16.Bh4 {[%clk 1:30:56]} Bxb2 {[%clk 1:13:27]} 17.Rb1 {[%clk 1:30:19]}
Be5 {[%clk 1:13:28]} 18.f4 {[%clk 1:30:36]} c6 {[%clk 1:12:45]}
19.fxe5 {[%clk 1:30:24]} cxd5 {[%clk 1:13:07]} 20.exf6 {[%clk 1:30:33]}
Nxf6 {[%clk 1:13:28]} 21.Bd3 {[%clk 1:30:49]} Bd7 {[%clk 1:05:45]}
22.Qf2 {[%clk 1:30:44]} Ng4 {[%clk 0:52:53]} 23.Bxd8 {[%clk 1:30:11]}
Nxf2 {[%clk 0:53:18]} 24.Kxf2 {[%clk 1:30:34]} Rxd8 {[%clk 0:53:46]}
25.Rxb7 {[%clk 1:30:58]} a6 {[%clk 0:53:29]} 26.Ke3 {[%clk 1:26:58]}
Bb5 {[%clk 0:48:57]} 27.Rb6 {[%clk 0:53:41]} Kf7 {[%clk 0:40:24]}
28.a4 {[%clk 0:49:34]} Bxa4 {[%clk 0:38:49]} 29.Rxa6 {[%clk 0:46:34]}
Be8 {[%clk 0:38:52]} 30.Kd4 {[%clk 0:44:54]} Kf6 {[%clk 0:27:19]}
31.Bxh7 {[%clk 0:39:40]} g6 {[%clk 0:24:01]} 32.Bg8 {[%clk 0:39:52]}
Bb5 {[%clk 0:23:25]} 33.Ra5 {[%clk 0:40:07]} Rxg8 {[%clk 0:23:35]}
34.Rxb5 {[%clk 0:40:31]} Rc8 {[%clk 0:22:50]} 35.Kd3 {[%clk 0:37:30]}
Ke6 {[%clk 0:21:06]} 36.Rb4 {[%clk 0:37:13]} g5 {[%clk 0:13:24]}
37.c3 {[%clk 0:28:03]} Ra8 {[%clk 0:11:52]} 38.Rb2 {[%clk 0:21:29]}
Ra1 {[%clk 0:07:24]} 39.Re2+ {[%clk 0:21:27]} Kf6 {[%clk 0:07:17]}
40.Rf2+ {[%clk 0:51:40]} Ke6 {[%clk 0:36:49]} 41.Re2+ {[%clk 0:49:56]}
Kf6 {[%clk 0:35:51]} 42.h3 {[%clk 0:46:12]} Rg1 {[%clk 0:32:55]}
43.Ke3 {[%clk 0:42:08]} Rc1 {[%clk 0:32:24]} 44.Kd2 {[%clk 0:42:21]}
Rf1 {[%clk 0:31:46]} 45.Re3 {[%clk 0:40:47]} Rf2+ {[%clk 0:31:52]}
46.Re2 {[%clk 0:41:02]} Rf1 {[%clk 0:32:18]} 47.Kd3 {[%clk 0:40:55]}
Rg1 {[%clk 0:32:02]} 48.Rf2+ {[%clk 0:37:46]} Ke5 {[%clk 0:30:27]}
49.Ke3 {[%clk 0:35:18]} Rc1 {[%clk 0:29:52]} 50.Kd3 {[%clk 0:35:09]}
Rg1 {[%clk 0:29:55]} 1/2-1/2

[Event "Team men PL"]
[Site "Sochi"]
[Date "2020.11.26"]
[Round "7.8"]
[White "Kobalia, Mikhail"]
[Black "Dreev, Aleksey"]
[Result "1/2-1/2"]
[BlackElo "2655"]
[WhiteElo "2590"]
[LiveChessVersion "1.4.8"]

1.Nf3 {[%clk 1:30:55]} Nf6 {[%clk 1:27:54]} 2.c4 {[%clk 1:30:24]}
e6 {[%clk 1:27:09]} 3.g3 {[%clk 1:29:44]} a6 {[%clk 1:25:45]}
4.Nc3 {[%clk 1:15:49]} d5 {[%clk 1:22:25]} 5.cxd5 {[%clk 1:15:37]}
exd5 {[%clk 1:22:47]} 6.d4 {[%clk 1:16:00]} Be7 {[%clk 1:16:31]}
7.Bg2 {[%clk 1:16:14]} O-O {[%clk 1:16:44]} 8.O-O {[%clk 1:16:39]}
c6 {[%clk 1:16:36]} 9.Bg5 {[%clk 1:07:50]} Re8 {[%clk 1:04:57]}
10.Qc2 {[%clk 1:04:24]} Nbd7 {[%clk 1:01:22]} 11.Rad1 {[%clk 1:03:07]}
Ne4 {[%clk 0:55:53]} 12.Bf4 {[%clk 0:54:29]} Ndf6 {[%clk 0:52:56]}
13.Ne5 {[%clk 0:54:47]} Bf5 {[%clk 0:49:36]} 14.Qb3 {[%clk 0:54:51]}
Nd6 {[%clk 0:49:49]} 15.f3 {[%clk 0:54:41]} Nb5 {[%clk 0:37:03]}
16.Kh1 {[%clk 0:44:58]} Qa5 {[%clk 0:32:47]} 17.a4 {[%clk 0:43:04]}
Nd6 {[%clk 0:32:15]} 18.Nd3 {[%clk 0:30:47]} b5 {[%clk 0:21:52]}
19.axb5 {[%clk 0:28:03]} Nxb5 {[%clk 0:16:50]} 20.Ne5 {[%clk 0:23:22]}
Qb4 {[%clk 0:11:29]} 21.Qxb4 {[%clk 0:23:11]} Bxb4 {[%clk 0:11:56]}
22.Na2 {[%clk 0:23:16]} Bd6 {[%clk 0:10:58]} 23.e4 {[%clk 0:17:56]}
dxe4 {[%clk 0:05:51]} 24.fxe4 {[%clk 0:18:24]} Bxe4 {[%clk 0:05:54]}
25.Bxe4 {[%clk 0:18:21]} Nxe4 {[%clk 0:06:19]} 26.Nxc6 {[%clk 0:18:34]}
Bxf4 {[%clk 0:05:22]} 27.Rxf4 {[%clk 0:19:00]} Ned6 {[%clk 0:04:33]}
28.Rf2 {[%clk 0:18:07]} a5 {[%clk 0:03:05]} 29.Nc1 {[%clk 0:12:11]}
a4 {[%clk 0:02:45]} 30.Nd3 {[%clk 0:10:30]} a3 {[%clk 0:02:23]}
31.bxa3 {[%clk 0:10:57]} Rxa3 {[%clk 0:02:43]} 32.Nf4 {[%clk 0:10:34]}
g6 {[%clk 0:01:02]} 33.Rc2 {[%clk 0:07:06]} Kg7 {[%clk 0:01:14]}
34.Ne5 {[%clk 0:05:03]} Nf5 {[%clk 0:01:20]} 35.Nc4 {[%clk 0:05:29]}
Ra4 {[%clk 0:00:48]} 36.d5 {[%clk 0:05:35]} Rc8 {[%clk 0:00:39]}
37.Na3 {[%clk 0:05:01]} Rc3 {[%clk 0:00:41]} 38.Rxc3 {[%clk 0:03:40]}
Nxc3 {[%clk 0:01:08]} 39.Ra1 {[%clk 0:04:08]} g5 {[%clk 0:00:56]}
40.Nh3 {[%clk 0:33:35]} h6 {[%clk 0:30:52]} 41.Nc2 {[%clk 0:33:13]}
Rxa1+ {[%clk 0:24:52]} 42.Nxa1 {[%clk 0:33:43]} Nd4 {[%clk 0:25:04]}
43.Nf2 {[%clk 0:29:13]} Nxd5 {[%clk 0:24:39]} 44.Ne4 {[%clk 0:28:46]}
Ne3 {[%clk 0:22:37]} 45.Kg1 {[%clk 0:27:00]} Nc4 {[%clk 0:17:34]}
46.Nc5 {[%clk 0:26:13]} Nd2 {[%clk 0:16:11]} 47.Kf2 {[%clk 0:26:33]}
g4 {[%clk 0:13:55]} 48.Nd3 {[%clk 0:24:09]} Kf6 {[%clk 0:09:40]}
49.Nb4 {[%clk 0:19:00]} N4f3 {[%clk 0:03:37]} 50.Kg2 {[%clk 0:19:25]}
Ne1+ {[%clk 0:03:41]} 51.Kf2 {[%clk 0:16:17]} Ndf3 {[%clk 0:03:57]}
52.Nb3 {[%clk 0:16:40]} Ke5 {[%clk 0:03:54]} 53.Nc5 {[%clk 0:15:00]}
f5 {[%clk 0:02:26]} 54.Nb7 {[%clk 0:13:54]} h5 {[%clk 0:02:02]}
55.Nc5 {[%clk 0:14:22]} Kd4 {[%clk 0:01:33]} 56.Ne6+ {[%clk 0:12:38]}
Kc4 {[%clk 0:02:00]} 57.Nc6 {[%clk 0:12:39]} Nd3+ {[%clk 0:02:04]}
58.Kg2 {[%clk 0:12:35]} Kd5 {[%clk 0:02:12]} 59.Ncd8 {[%clk 0:13:03]}
Ke5 {[%clk 0:01:17]} 60.Ng7 h4 {[%clk 0:01:15]} 61.gxh4 {[%clk 0:12:57]}
Kf6 {[%clk 0:01:11]} 62.Nge6 {[%clk 0:11:39]} f4 {[%clk 0:00:41]}
63.h5 {[%clk 0:11:58]} Nh4+ {[%clk 0:01:09]} 64.Kg1 {[%clk 0:11:43]}
f3 {[%clk 0:01:09]} 65.Nd4 {[%clk 0:11:34]} Ng2 {[%clk 0:00:55]}
66.Nc2 {[%clk 0:11:15]} Kg5 {[%clk 0:00:42]} 67.Nc6 {[%clk 0:04:23]}
Kxh5 {[%clk 0:00:51]} 68.N6b4 {[%clk 0:04:52]} Ndf4 {[%clk 0:00:52]}
69.Nc6 {[%clk 0:05:21]} Kg5 {[%clk 0:01:02]} 70.N6d4 {[%clk 0:05:20]}
Nh3+ {[%clk 0:00:57]} 71.Kf1 {[%clk 0:05:39]} Kf4 {[%clk 0:01:25]}
72.Ne6+ {[%clk 0:05:53]} Ke5 {[%clk 0:01:37]} 73.Nc5 {[%clk 0:06:18]}
Ng5 {[%clk 0:01:09]} 74.Nd3+ {[%clk 0:06:17]} Kf5 {[%clk 0:01:26]}
75.Nf2 {[%clk 0:06:13]} Ne6 {[%clk 0:01:45]} 76.Nd3 {[%clk 0:05:57]}
Kg5 {[%clk 0:00:44]} 77.Kf2 {[%clk 0:05:36]} Ngf4 {[%clk 0:00:34]}
78.Ne5 {[%clk 0:05:30]} Nh3+ {[%clk 0:01:03]} 79.Kg3 {[%clk 0:05:47]}
f2 {[%clk 0:01:04]} 80.Ne3 {[%clk 0:06:15]} Nhf4 {[%clk 0:00:52]} 1/2-1/2

[Event "Team men PL"]
[Site "Sochi"]
[Date "2020.11.26"]
[Round "7.9"]
[White "Rublevsky, Sergei"]
[Black "Demidov, Mikhail"]
[Result "1/2-1/2"]
[BlackElo "2526"]
[WhiteElo "2653"]
[LiveChessVersion "1.4.8"]

1.e4 {[%clk 1:30:59]} c6 {[%clk 1:30:48]} 2.d4 {[%clk 1:31:22]}
d5 {[%clk 1:31:13]} 3.e5 {[%clk 1:31:43]} Bf5 {[%clk 1:31:38]}
4.Nd2 {[%clk 1:32:10]} e6 {[%clk 1:32:02]} 5.Nb3 {[%clk 1:32:36]}
Nd7 {[%clk 1:32:27]} 6.Nf3 {[%clk 1:32:57]} Qc7 {[%clk 1:32:52]}
7.Be2 {[%clk 1:32:34]} c5 {[%clk 1:33:01]} 8.c3 {[%clk 1:31:50]}
c4 {[%clk 1:24:48]} 9.Nbd2 {[%clk 1:32:05]} f6 {[%clk 1:25:10]}
10.O-O {[%clk 1:23:35]} fxe5 {[%clk 1:20:55]} 11.dxe5 {[%clk 1:23:07]}
Bc5 {[%clk 1:20:56]} 12.b3 {[%clk 1:20:58]} Ne7 {[%clk 1:06:00]}
13.bxc4 {[%clk 1:19:42]} Nxe5 {[%clk 1:00:33]} 14.Nxe5 {[%clk 0:59:50]}
Qxe5 {[%clk 1:00:55]} 15.Nb3 {[%clk 1:00:02]} Bd6 {[%clk 0:53:26]}
16.g3 {[%clk 0:58:57]} Qxc3 {[%clk 0:52:55]} 17.Bg5 {[%clk 0:55:05]}
h6 {[%clk 0:43:03]} 18.Rc1 {[%clk 0:47:39]} Qb2 {[%clk 0:41:33]}
19.Bxe7 {[%clk 0:27:19]} Bxe7 {[%clk 0:40:57]} 20.Nd4 {[%clk 0:21:33]}
O-O {[%clk 0:39:23]} 21.Nxf5 {[%clk 0:21:10]} Rxf5 {[%clk 0:32:08]}
22.Bd3 {[%clk 0:19:57]} Rf6 {[%clk 0:27:09]} 23.cxd5 {[%clk 0:20:15]}
Rd8 {[%clk 0:24:27]} 24.Rb1 {[%clk 0:18:28]} Qxa2 {[%clk 0:22:11]}
25.dxe6 {[%clk 0:12:26]} b6 {[%clk 0:12:02]} 26.Ra1 {[%clk 0:10:53]}
Qxe6 {[%clk 0:07:10]} 27.Rxa7 {[%clk 0:11:05]} Kh8 {[%clk 0:05:06]}
28.Qe2 {[%clk 0:06:42]} Qxe2 {[%clk 0:05:14]} 29.Bxe2 {[%clk 0:07:08]}
Bc5 {[%clk 0:05:37]} 30.Ra2 {[%clk 0:07:16]} Rfd6 {[%clk 0:04:53]}
31.Rb1 {[%clk 0:06:49]} Rd2 {[%clk 0:04:37]} 32.Rbb2 {[%clk 0:06:37]}
Rxb2 {[%clk 0:04:54]} 33.Rxb2 {[%clk 0:07:01]} g5 {[%clk 0:05:21]}
34.Kg2 {[%clk 0:07:04]} Kg7 {[%clk 0:05:45]} 35.Bc4 {[%clk 0:06:52]}
Rd4 {[%clk 0:05:59]} 36.Bb5 {[%clk 0:07:07]} Rb4 {[%clk 0:06:18]}
37.Rxb4 {[%clk 0:07:28]} Bxb4 {[%clk 0:06:47]} 38.f4 {[%clk 0:07:43]}
gxf4 {[%clk 0:07:13]} 39.gxf4 {[%clk 0:08:08]} Bd6 {[%clk 0:07:40]}
40.Kf3 {[%clk 0:38:31]} Kf6 {[%clk 0:38:07]} 1/2-1/2

[Event "Team men PL"]
[Site "Sochi"]
[Date "2020.11.26"]
[Round "7.10"]
[White "Murzin, Volodar"]
[Black "Potkin, Vladimir"]
[Result "1-0"]
[BlackElo "2583"]
[WhiteElo "2470"]
[LiveChessVersion "1.4.8"]

1.e4 {[%clk 1:30:55]} c5 {[%clk 1:30:52]} 2.Nf3 {[%clk 1:31:20]}
d6 {[%clk 1:31:12]} 3.Bb5+ {[%clk 1:31:00]} Nd7 {[%clk 1:31:33]}
4.O-O {[%clk 1:31:12]} a6 {[%clk 1:31:26]} 5.Bd3 {[%clk 1:31:28]}
Ngf6 {[%clk 1:31:47]} 6.c3 {[%clk 1:30:48]} b5 {[%clk 1:31:39]}
7.Bc2 {[%clk 1:31:00]} Bb7 {[%clk 1:32:03]} 8.Qe2 {[%clk 1:31:18]}
e6 {[%clk 1:31:21]} 9.d4 {[%clk 1:31:27]} Be7 {[%clk 1:31:16]}
10.Nbd2 {[%clk 1:31:33]} Qc7 {[%clk 1:30:42]} 11.Bd3 {[%clk 1:30:13]}
Nh5 {[%clk 1:27:19]} 12.g3 {[%clk 1:25:44]} c4 {[%clk 1:26:26]}
13.Bc2 {[%clk 1:26:05]} O-O {[%clk 1:26:40]} 14.Ne1 {[%clk 1:13:25]}
Nhf6 {[%clk 1:26:31]} 15.f4 {[%clk 1:13:17]} e5 {[%clk 1:06:00]}
16.fxe5 {[%clk 1:11:21]} dxe5 {[%clk 1:05:56]} 17.d5 {[%clk 1:11:30]}
Bc5+ {[%clk 0:57:01]} 18.Kh1 {[%clk 1:11:42]} Ne8 {[%clk 0:54:11]}
19.g4 {[%clk 1:11:11]} Nd6 {[%clk 0:50:49]} 20.Ng2 {[%clk 1:09:41]}
a5 {[%clk 0:47:02]} 21.Nf3 {[%clk 1:07:01]} b4 {[%clk 0:46:00]}
22.Nfh4 {[%clk 1:01:30]} a4 {[%clk 0:27:23]} 23.a3 {[%clk 0:58:23]}
bxc3 {[%clk 0:27:46]} 24.bxc3 {[%clk 0:58:48]} Bb6 {[%clk 0:27:03]}
25.Nf5 {[%clk 0:54:26]} Nc5 {[%clk 0:27:04]} 26.Be3 {[%clk 0:52:35]}
Nb3 {[%clk 0:16:35]} 27.Ra2 {[%clk 0:47:51]} Ba5 {[%clk 0:15:48]}
28.Nxd6 {[%clk 0:46:30]} Qxd6 {[%clk 0:16:16]} 29.Qe1 {[%clk 0:46:14]}
Bc8 {[%clk 0:14:32]} 30.Bd1 {[%clk 0:43:47]} Bd7 {[%clk 0:12:28]}
31.Nh4 {[%clk 0:33:19]} Nc5 {[%clk 0:12:22]} 32.Bd2 {[%clk 0:32:10]}
Nd3 {[%clk 0:12:12]} 33.Qg3 {[%clk 0:32:04]} Rfb8 {[%clk 0:06:14]}
34.Bc2 {[%clk 0:23:49]} Rb3 {[%clk 0:05:49]} 35.Nf5 {[%clk 0:21:29]}
Bxf5 {[%clk 0:06:06]} 36.gxf5 {[%clk 0:21:54]} Bxc3 {[%clk 0:05:33]}
37.Bxd3 {[%clk 0:13:11]} cxd3 {[%clk 0:03:45]} 38.Qxd3 {[%clk 0:13:01]}
Bxd2 {[%clk 0:02:39]} 39.Qxd2 {[%clk 0:13:18]} Rxa3 {[%clk 0:02:20]}
40.Rc2 {[%clk 0:41:10]} Rb3 {[%clk 0:31:41]} 41.Rg1 {[%clk 0:31:18]}
g6 {[%clk 0:25:15]} 42.fxg6 {[%clk 0:26:30]} hxg6 {[%clk 0:23:21]}
43.Rc6 {[%clk 0:26:42]} Qf8 {[%clk 0:15:09]} 44.d6 {[%clk 0:25:24]}
Rb5 {[%clk 0:03:21]} 45.Qd3 {[%clk 0:17:07]} Rba5 {[%clk 0:03:45]}
46.Rc7 {[%clk 0:11:23]} Rd8 {[%clk 0:02:22]} 47.Re7 {[%clk 0:10:32]}
Raa8 {[%clk 0:00:48]} 48.Rxg6+ {[%clk 0:10:05]} Kh7 {[%clk 0:00:45]}
49.Rf6 {[%clk 0:08:18]} Qxe7 {[%clk 0:00:39]} 50.Qh3+ {[%clk 0:08:35]}
Kg8 {[%clk 0:00:31]} 51.Qg3+ {[%clk 0:08:05]} 1-0

[Event "Team men PL"]
[Site "Sochi"]
[Date "2020.11.26"]
[Round "7.11"]
[White "Chernyshov, Konstantin"]
[Black "Belyakov, Bogdan"]
[Result "0-1"]
[BlackElo "2450"]
[WhiteElo "2427"]
[LiveChessVersion "1.4.8"]

1.e4 {[%clk 1:30:56]} e5 {[%clk 1:29:31]} 2.Nf3 {[%clk 1:30:55]}
Nc6 {[%clk 1:29:47]} 3.Bb5 {[%clk 1:31:00]} a6 {[%clk 1:26:39]}
4.Bxc6 {[%clk 1:29:37]} dxc6 {[%clk 1:25:44]} 5.d3 {[%clk 1:29:54]}
Bd6 {[%clk 1:21:27]} 6.Be3 {[%clk 1:27:01]} c5 {[%clk 1:18:17]}
7.Nbd2 {[%clk 1:23:23]} Ne7 {[%clk 1:17:52]} 8.h3 {[%clk 1:21:38]}
O-O {[%clk 1:17:14]} 9.Qe2 {[%clk 1:15:02]} Nc6 {[%clk 1:13:10]}
10.c3 {[%clk 1:06:06]} a5 {[%clk 1:08:12]} 11.a4 {[%clk 1:01:19]}
Re8 {[%clk 0:53:58]} 12.O-O {[%clk 0:54:22]} h6 {[%clk 0:51:39]}
13.Rfd1 {[%clk 0:52:06]} Qf6 14.Nf1 Ne7 {[%clk 0:50:37]} 15.Ng3
{[%clk 0:42:29]} Ng6 {[%clk 0:46:18]} 16.Nh5 {[%clk 0:40:38]}
Qe6 {[%clk 0:36:21]} 17.Re1 {[%clk 0:28:48]} Bd7 {[%clk 0:29:15]}
18.Nh2 {[%clk 0:19:30]} Rad8 19.f3 {[%clk 0:19:30]} Nf4 {[%clk 0:24:46]}
20.Nxf4 {[%clk 0:19:01]} exf4 {[%clk 0:25:11]} 21.Bf2 {[%clk 0:19:23]}
b6 {[%clk 0:22:26]} 22.Nf1 {[%clk 0:17:46]} Qg6 {[%clk 0:20:52]}
23.Kh2 {[%clk 0:17:38]} Qh5 {[%clk 0:20:32]} 24.Nd2 {[%clk 0:14:27]}
Re5 {[%clk 0:17:39]} 25.Nc4 {[%clk 0:13:23]} Rg5 {[%clk 0:17:52]}
26.Qf1 {[%clk 0:10:46]} Re8 {[%clk 0:16:19]} 27.Nxd6 {[%clk 0:08:29]}
cxd6 {[%clk 0:16:44]} 28.g4 {[%clk 0:08:38]} fxg3+ {[%clk 0:15:59]}
29.Bxg3 {[%clk 0:09:03]} Qg6 {[%clk 0:13:26]} 30.Qf2 {[%clk 0:09:15]}
Qe6 {[%clk 0:09:30]} 31.Qg2 {[%clk 0:09:05]} f5 {[%clk 0:09:36]}
32.f4 {[%clk 0:06:34]} Rg6 {[%clk 0:09:34]} 33.Re2 {[%clk 0:06:43]}
Rf8 {[%clk 0:08:06]} 34.e5 {[%clk 0:06:31]} dxe5 {[%clk 0:07:34]}
35.Rxe5 {[%clk 0:06:25]} Qd6 36.Qe2 Bc6 {[%clk 0:06:49]} 37.b3
{[%clk 0:06:41]} Rff6 {[%clk 0:06:32]} 38.Rg1 {[%clk 0:06:19]}
Kh7 {[%clk 0:06:55]} 39.Qe3 {[%clk 0:05:36]} Bd5 {[%clk 0:05:35]}
40.c4 {[%clk 0:34:03]} Bb7 {[%clk 0:35:21]} 41.Qe2 {[%clk 0:22:56]}
Qc6 {[%clk 0:33:14]} 42.Qf2 {[%clk 0:21:56]} Qd7 {[%clk 0:30:46]}
43.Qe2 {[%clk 0:14:19]} Rd6 {[%clk 0:29:56]} 44.Re7 {[%clk 0:14:22]}
Qc6 {[%clk 0:28:15]} 45.Re3 {[%clk 0:14:37]} Ba8 {[%clk 0:23:14]}
46.Qf1 {[%clk 0:14:43]} Qd7 {[%clk 0:22:13]} 47.Bf2 {[%clk 0:07:18]}
Rxg1 {[%clk 0:20:19]} 48.Bxg1 {[%clk 0:07:41]} Qf7 {[%clk 0:18:11]}
49.Bf2 {[%clk 0:06:19]} Qf6 {[%clk 0:17:43]} 50.Rg3 {[%clk 0:05:54]}
Qb2 {[%clk 0:17:13]} 51.Qg1 {[%clk 0:04:51]} Rd7 {[%clk 0:16:51]}
52.Rg6 {[%clk 0:04:26]} Bf3 {[%clk 0:11:37]} 53.Rxb6 {[%clk 0:03:37]}
Bh5 {[%clk 0:12:02]} 54.d4 {[%clk 0:03:55]} Rxd4 {[%clk 0:10:50]}
55.Qg3 {[%clk 0:02:39]} Rd3 {[%clk 0:09:46]} 56.Qg2 {[%clk 0:03:01]}
Qd2 {[%clk 0:06:47]} 57.Rb7 {[%clk 0:01:28]} Bg6 {[%clk 0:03:17]}
58.Rb6 {[%clk 0:01:17]} Qxf4+ {[%clk 0:02:39]} 59.Bg3 {[%clk 0:01:40]}
Qg5 {[%clk 0:02:11]} 60.h4 Qg4 {[%clk 0:01:55]} 61.Bf2 {[%clk 0:01:36]}
Qf4+ {[%clk 0:02:20]} 62.Bg3 Qg4 {[%clk 0:01:16]} 63.Bf2 {[%clk 0:02:24]}
Qh5 {[%clk 0:01:03]} 64.Rb5 {[%clk 0:02:40]} Rd2 {[%clk 0:00:56]}
65.Rxc5 {[%clk 0:02:45]} Qe2 {[%clk 0:01:17]} 66.Kg1 {[%clk 0:03:06]}
f4 {[%clk 0:00:47]} 67.Rd5 {[%clk 0:01:52]} Rxd5 {[%clk 0:00:37]}
68.Qxd5 {[%clk 0:02:16]} Be4 {[%clk 0:00:54]} 69.Qd4 {[%clk 0:02:40]}
Qf3 {[%clk 0:01:12]} 70.Kf1 {[%clk 0:03:04]} Bd3+ {[%clk 0:01:26]}
71.Kg1 {[%clk 0:03:29]} Bf5 {[%clk 0:01:22]} 72.Kf1 {[%clk 0:03:44]}
Bc2 {[%clk 0:00:53]} 73.c5 {[%clk 0:03:45]} Bd3+ {[%clk 0:00:57]}
74.Kg1 {[%clk 0:04:10]} Be4 {[%clk 0:01:20]} 75.Kf1 {[%clk 0:04:35]}
Bd3+ {[%clk 0:01:18]} 76.Kg1 {[%clk 0:04:59]} h5 {[%clk 0:01:09]}
77.b4 {[%clk 0:03:25]} axb4 {[%clk 0:01:30]} 78.Qxb4 {[%clk 0:03:50]}
Bf5 {[%clk 0:01:12]} 79.Qd2 {[%clk 0:02:33]} Be4 {[%clk 0:01:09]}
80.Kf1 {[%clk 0:02:58]} Bd3+ {[%clk 0:01:25]} 81.Kg1 {[%clk 0:03:20]}
Qg4+ {[%clk 0:01:18]} 82.Kh2 {[%clk 0:03:35]} Be4 {[%clk 0:01:41]} 0-1